000 00531nam a22001817a 4500
003 CEME
005 20210628201754.0
008 210216b xxu||||| |||| 00| 0 eng d
020 _a81-7656-411-7
040 _c.
082 _a005.72 JER
100 _aJerke, Noel
_956765
245 _aE-commerce developer's guide , building community and using promotional tools
260 _aNEW DELHI
_bBPB PUBLISHER
_c2001
300 _aXV,523P
650 _aE-COMMERCE GUIDE E-COMMERCE USING ASP AND SQL SERVER
_956766
942 _cBK
_2ddc
999 _c567118
_d567118